000 00700nam a2200241 a 4500
001 25552
003 CO-ViMGA
008 141112s2004 ck r 000 u spa d
020 _a9789588611129
040 _aCO-ViMGA
_bspa
_cCO-ViMGA
041 _aSPA
090 _aN ROS2
100 1 _aRosero Diago, Evelio José, 1958 -
_92678
245 1 0 _aSeñor que no conoce la luna /
_cEvelio Rosero
250 _a1a ed., 1a reimpr.
260 _aBogotá :
_bDebolsillo,
_c2013
300 _a114 p.
490 _aContemporánea
650 1 4 _aAUTORES COLOMBIANOS - SIGLO XX
_92054
650 1 4 _aLITERATURA COLOMBIANA - SIGLO XX
_92057
650 1 4 _aNOVELA COLOMBIANA - SIGLO XX
_92058
942 _2ddc
_cBK
999 _c5131
_d5131